000 00376cam a22001097a 4500
008 180718b1945 xxu||||| |||| 00| 0 eng d
082 _aI5112x73 Un3
245 _aLectures on administrative regulation
_cby Department of Agriculture, United States
260 _aWashington
_bDepartment of Agriculture
_c1945
300 _a76+p.
700 _aUnited States. Department of Agriculture
999 _c397450
_d397450